书目信息 |
| 题名: |
要向列宁、斯大林学习读书
|
|
| 作者: | 普里马柯夫斯基 著 ;柏嘉 译 | |
| 分册: | ||
| 出版信息: | 1952 |
|
| 页数: | 67页 | |
| 开本: | 20cm | |
| 丛书名: | 苏联教育丛书 | |
| 单 册: | ||
| 中图分类: | A82 | |
| 科图分类: | ||
| 主题词: | 列宁著作--学习 , 列宁著作研究 | |
| 电子资源: | ||
| ISBN: | ||
| 000 | 00701nam0 2200229 450 | |
| 001 | 0633362828 | |
| 005 | 20060727091755.75 | |
| 010 | @dCNY0.36 | |
| 100 | @a20060727d1952 km y0chiy0120 ea | |
| 101 | 0 | @achi@crus |
| 200 | 1 | @a要向列宁、斯大林学习读书@Ayao xiang lie ning、si da lin xue xi du shu@f(苏)普里马柯夫斯基著@F(su)pu li ma ke fu si ji zhu@g柏嘉译@Gbai jia yi |
| 210 | @d1952 | |
| 215 | @a67页@d20cm | |
| 225 | 2 | @a苏联教育丛书@h第十五辑 |
| 410 | 0 | @12001 @a苏联教育丛书 |
| 606 | 0 | @a列宁著作@x学习 |
| 606 | 0 | @a列宁著作研究 |
| 690 | @aA82@v3 | |
| 701 | 0 | @a普里马柯夫斯基@Apu li ma ke fu si ji@4著 |
| 702 | 0 | @a柏嘉@Abai jia@4译 |
| 801 | 0 | @aCN@bPFT@c20060727 |
| 905 | @a10447@dA82@e29 | |
| 要向列宁、斯大林学习读书/(苏)普里马柯夫斯基著/柏嘉译.-1952 |
| 67页;20cm.-(苏联教育丛书.第十五辑) |
| ISBN :CNY0.36 |
| ● |
| 相关链接 |
|
|
|
|
正题名:要向列宁、斯大林学习读书
索取号:A82/29
 
预约/预借
| 序号 | 登录号 | 条形码 | 馆藏地/架位号 | 状态 | 备注 |
| 1 | 0439890 | 204398909 | 密集书库/ [索取号:A82/29] | 在馆 |